| 000 | 00641nam a22001937a 4500 | ||
|---|---|---|---|
| 003 | OSt | ||
| 005 | 20150306213002.0 | ||
| 008 | 141218b xxu||||| |||| 00| 0 eng d | ||
| 040 | _cBMC | ||
| 082 | _a808.0687284 | ||
| 100 | 1 |
_9108 _aIbarra, Cristóbal Humberto _d1920-1988 |
|
| 245 | 1 | 0 |
_aCuentos de sima y cima _cCristóbal Humberto Ibarra ; [prólogo de Miguel Ángel Asturias] |
| 250 | _a2ª ed | ||
| 260 |
_aSan Salvador _bMinisterio de Educación, Dirección de Publicaciones _c1977 |
||
| 300 |
_a169 p., 1 h. _c18 cm |
||
| 650 | 2 | 4 |
_929639 _aCuentos salvadoreños |
| 700 | 1 |
_9878 _aAsturias, Miguel Ángel _d1899-1974 |
|
| 942 |
_2ddc _cBK |
||
| 999 |
_c16982 _d16982 |
||